Encyclopedia of metalloproteins / (Record no. 23772)

MARC details
000 -LEADER
fixed length control field 01072cam a2200313 i 4500
001 - CONTROL NUMBER
control field 17598930
003 - CONTROL NUMBER IDENTIFIER
control field EG-ScBUE
005 - DATE AND TIME OF LATEST TRANSACTION
control field 20260126101308.0
008 - FIXED-LENGTH DATA ELEMENTS--GENERAL INFORMATION
fixed length control field 130123s2013 nyu f be 000 0 eng d
020 ## - INTERNATIONAL STANDARD BOOK NUMBER
International Standard Book Number 9781461415329
040 ## - CATALOGING SOURCE
Original cataloging agency DLC
Language of cataloging eng
Description conventions rda
Transcribing agency DLC
Modifying agency EG-ScBUE
082 04 - DEWEY DECIMAL CLASSIFICATION NUMBER
Classification number 572.6
Item number ENC
Edition number 22
245 00 - TITLE STATEMENT
Title Encyclopedia of metalloproteins /
Statement of responsibility, etc editors Robert H. Kretsinger, Vladimir N. Uversky, Eugene A. Permi︠a︡kov.
264 #1 - PUBLICATION, DISTRIBUTION, ETC. (IMPRINT)
Place of publication, distribution, etc New York :
Name of publisher, distributor, etc Springer,
Date of publication, distribution, etc 2013.
300 ## - PHYSICAL DESCRIPTION
Extent 3 volumes :
Other physical details illustrations ;
Dimensions 24 cm
336 ## - CONTENT TYPE
Source rdacontent
Content type term text
Content type code txt
337 ## - MEDIA TYPE
Media type term unmediated
Source rdamedia
Media type code n
338 ## - CARRIER TYPE
Carrier type term volume
Carrier type code nc
Source rdacarrier
504 ## - BIBLIOGRAPHY, ETC. NOTE
Bibliography, etc Includes bibliographical references.
505 2# - FORMATTED CONTENTS NOTE
Formatted contents note Volume 1. A-C -- Volume 2. D-L -- Volume 4. S-Z.
650 #7 - SUBJECT ADDED ENTRY--TOPICAL TERM
Topical term or geographic name as entry element Metalloproteins
Form subdivision Encyclopedias.
Source of heading or term BUEsh
651 ## - SUBJECT ADDED ENTRY--GEOGRAPHIC NAME
Source of heading or term BUEsh
653 ## - INDEX TERM--UNCONTROLLED
Resource For college Pharmacy
-- Engineering, Chemical
Arrived date list December2016
655 ## - INDEX TERM--GENRE/FORM
Form subdivision Reading book
700 1# - ADDED ENTRY--PERSONAL NAME
Personal name Kretsinger, Robert H.,
Relator term editor.
700 1# - ADDED ENTRY--PERSONAL NAME
Personal name Uversky, Vladimir N.,
Relator term editor.
700 1# - ADDED ENTRY--PERSONAL NAME
Personal name Permi︠a︡kov, Eugene A.,
Relator term editor.
942 ## - ADDED ENTRY ELEMENTS (KOHA)
Source of classification or shelving scheme Dewey Decimal Classification
Koha item type Book - Borrowing
Holdings
Withdrawn status Lost status Source of classification or shelving scheme Damaged status Not for loan Collection code Home library Current library Shelving location Date acquired Source of acquisition Total Checkouts Full call number Barcode Date last seen Koha item type Public note
    Dewey Decimal Classification     Baccah Central Library Central Library Ground Floor 27/12/2016 Donation   572.6 ENC 000040661 15/07/2025 Reference (NB) v. 1.
    Dewey Decimal Classification     Baccah Central Library Central Library Ground Floor 27/12/2016 Donation   572.6 ENC 000040662 15/07/2025 Reference (NB) v. 2.
    Dewey Decimal Classification     Baccah Central Library Central Library Ground Floor 27/12/2016 Donation   572.6 ENC 000040663 15/07/2025 Reference (NB) v. 4.
    Dewey Decimal Classification     Baccah Central Library Central Library Ground Floor 27/12/2016 Donation   572.6 ENC 000040664 15/07/2025 Reference (NB) v. 4.